Statistieken voor Raad het Liedje nr.1

Klik hier om de quiz te nemen!

Algemene statistieken

  • Deze quiz is 99 keer genomen
    (96 sinds de laatste reset)
  • De gemiddelde score is 75 van 183

Antwoordstatistieken

Antwoord% Correct
Ik
88%
ik
88%
de
81%
het
78%
een
75%
't
71%
Is
68%
is
68%
'k
67%
'K
67%
mij
63%
zijn
60%
je
56%
me
56%
En
53%
al
51%
om
51%
van
51%
zo
51%
niet
50%
Ze
49%
ze
49%
in
47%
wat
47%
op
46%
hoe
43%
Hoe
43%
mijn
43%
was
42%
te
40%
dag
39%
twee
39%
verliefd
39%
of
38%
liefde
36%
Liefde
36%
maar
36%
waar
36%
beetje
35%
Kan
35%
wel
35%
die
33%
kijk
33%
Als
32%
als
32%
heen
32%
oh
32%
hoofd
31%
met
31%
vergeten
31%
want
31%
voelt
29%
door
28%
Sinds
28%
vlinders
28%
weten
28%
alleen
26%
lang
26%
raar
26%
jaar
25%
klein
25%
naar
25%
tijd
25%
haast
24%
schelen
24%
verdoofd
24%
aangenaam
22%
benen
22%
m'n
22%
Trillend
22%
verdwenen
22%
32
21%
bij
21%
Veel
21%
bril
19%
roze
19%
doet
18%
geen
17%
oe lalalaa lala
17%
wereldje
17%
zoek
17%
kon
15%
ook
15%
rij
15%
toch
15%
kijkt
14%
Alles
13%
Mannen
13%
stil
13%
reet
11%
stond
11%
vleet
11%
vrijt
11%
zolang
11%
wachtend
10%
zegt
10%
dagen
7%
koek
7%
slik
7%
zoete
7%
blik
6%
scherpe
6%

Scoreverdeling

Percentiel versus Aantal Correcte Antwoorden

Procent van Mensen met Elke Score

Uw Scoregeschiedenis

U heeft deze quiz nog niet genomen sinds de laatste reset